000 00544nam a2200193 4500
999 _c4235
_d4235
008 200727b ||||| |||| 00| 0 eng d
020 _cRs.80.00
041 0 _ahin
082 0 0 _a891.43
_bD492
100 _93464
_aDevi, Ashapurna
245 1 0 _aSubarnalata /
_cAshapurna Devi
245 1 0 _aसुबर्णलता /
_cआशापूर्णा देवी
250 _a6th ed.
260 _aNew Delhi:
_bBharatiya gyanpith prakashan,
_c1989.
300 _a476 p.
365 _bINR 80.00
650 0 _aHindi fiction
942 _2ddc
_cBK